| 000 | 00873cam a22002897a 4500 | ||
|---|---|---|---|
| 003 | CHAP | ||
| 005 | 20220329140648.0 | ||
| 008 | 971013s1974 r 00010 d | ||
| 010 | _a55577 | ||
| 011 | _a56549 | ||
| 035 | _a60702 | ||
| 040 | _cCHAP | ||
| 082 |
_a624.151 _bS26 1974 |
||
| 100 | 0 | 0 |
_aScott, C. R. _9103368 |
| 245 | 1 | 3 | _aAn introduction to soil mechanics and foundations |
| 250 | _a2 ed. | ||
| 260 |
_aLondon : _bApplied Science, _c1974 |
||
| 300 |
_a361 p. _b: ilus. ; gráfs. |
||
| 590 |
_aBATCH-UPD _b10 _c20130110 _lUCH01 _h0519 |
||
| 590 |
_aBATCH-UPD _b10 _c20130410 _lUCH01 _h0157 |
||
| 590 |
_aBATCH-UPD _b10 _c20130914 _lUCH01 _h1807 |
||
| 590 |
_aCONVERSION _b10 _c20130109 _lUCH01 _h1330 |
||
| 650 | 1 | 4 |
_aMecánica de suelos. _973824 |
| 901 | _aBK | ||
| 942 | _cLIBRO | ||
| 949 |
_a624.151 S26 1974 _bBC _cLIBRO _d33724000483293 _eLIBRO _h55068 _i60702 _si |
||
| 999 |
_c55577 _d55577 |
||